Państwa UE - Statystyki

Ogólne statystyki
  • Ten quiz został rozwiązany 109 razy
  • Średni wynik to 24 z 27
Statystyki odpowiedzi
Państwa % Poprawnych
Polska
100%
Niemcy
97%
Słowacja
97%
Hiszpania
95%
Szwecja
94%
Belgia
92%
Łotwa
92%
włochy
92%
Francja
91%
Litwa
91%
Portugalia
91%
Słowenia
91%
Estonia
90%
Czechy
89%
Austria
87%
Chorwacja
87%
Finlandia
86%
Holandia
86%
Węgry
85%
Bułgaria
84%
Grecja
82%
Irlandia
81%
Luksemburg
81%
Dania
80%
Rumunia
78%
Malta
68%
Cypr
61%
Nie znaleziono quizów pasujących do podanych kryteriów
Rozkład punktacji
Procent ludzi z każdym wynikiem
Percentyl według liczby udzielonych odpowiedzi
Twoja historia wyników
Nie rozwiązałeś tego quizu